| 000 | 01294nam a2200337 i 4500 | ||
|---|---|---|---|
| 001 | bg | ||
| 003 | KOSZ 005 | ||
| 005 | 20210823134109.0 | ||
| 008 | 080429s1965 pl a f f 001 0 pol | ||
| 015 | _aPB 1965/2899 | ||
| 040 |
_aWA N _cKOSZ 005/HR _dKOSZ 005/HR |
||
| 041 | 1 |
_apol _hrus |
|
| 080 | _a51 | ||
| 080 | _a(075.8) | ||
| 100 | 1 |
_aSmirnov, Vladimir Ivanovič _d(1887-1974). _eAutor |
|
| 245 | 1 | 0 |
_aMatematyka wyższa. _nT. 3, cz. 2, _pFunkcje zmiennej zespolonej, równania różniczkowe liniowe, funkcje specjalne / _cW. I. Smirnow ; [tł. Ryszard Bittner]. |
| 246 | 3 | 0 | _aFunkcje zmiennej zespolonej, równania różniczkowe liniowe, funkcje specjalne. |
| 246 | 1 |
_iTyt. oryg.: _aKurs vysšej matematiki |
|
| 260 |
_aWarszawa : _bPaństwowe Wydawnictwo Naukowe, _c1965. |
||
| 300 |
_a647, [1] s. : _bil. ; _c25 cm. |
||
| 380 | _aKsiążki. | ||
| 504 | _aIndeks. | ||
| 658 | _aMatematyka | ||
| 655 | 4 | _aPodręczniki akademickie | |
| 650 | 4 | _aRównania różniczkowe | |
| 650 | 4 | _aFunkcje zespolone | |
| 710 | 2 |
_aPaństwowe Wydawnictwo Naukowe _4pbl. |
|
| 700 | 1 |
_aBittner, Ryszard _d(1927-1998) _eTłumaczenie |
|
| 856 |
_uhttp://koha.tu.koszalin.pl/cgi-bin/koha/opac-detail.pl?biblionumber=11112 _yKatalog online BPK |
||
| 942 |
_2UKD _cKS |
||
| 999 |
_c11112 _d11112 |
||